00330nam a2200145Ia 45000030006000000080041000060400015000471000024000622450017000862500006001032600038001093000006001475460014001530050017001670STCL150530s9999 xx 000 0 und d aSTCLcSTCL aKrishna Pilla, E.V. aSita Lekshmi a7 bSri Rama Vilas ; Trivandurmc1968 a0 aMalayalam20220125170809.0